Smallest German Cities with a Professional Association Football Team - Statistics

General Stats
  • This quiz has been taken 28 times
    18 since last reset
  • The average score is 11 of 30
Answer Stats
Leage Population Club Answer % Correct
Current 1. Bundesliga 36.6k TSG 1899 Hoffenheim Sinsheim
82%
Current 1. or 2. Bundesliga 36.6k TSG 1899 Hoffenheim Sinsheim
82%
Ever 1. Bundesliga 36.6k TSG 1899 Hoffenheim Sinsheim
82%
Current 1. Bundesliga 50.0k 1. FC Heidenheim Heidenheim an der Brenz
76%
Current 1. or 2. Bundesliga 50.0k 1. FC Heidenheim Heidenheim an der Brenz
76%
Ever 1. Bundesliga 50.0k 1. FC Heidenheim Heidenheim an der Brenz
76%
Current 1. Bundesliga 166k Bayer 04 Leverkusen Leverkusen
53%
Current 1. or 2. Bundesliga 12.8k SV Elversberg Spiesen-Elversberg
53%
Current 1. or 2. Bundesliga or 3. Liga 12.8k SV Elversberg Spiesen-Elversberg
53%
Ever 1. or 2. Bundesliga 12.8k SV Elversberg Spiesen-Elversberg
53%
Ever 1. or 2. Bundesliga or 3. Liga 12.8 SV Elversberg Spiesen-Elversberg
53%
Current 1. Bundesliga 126k VfL Wolfsburg Wolfsburg
53%
Current 1. or 2. Bundesliga 126k VfL Wolfsburg Wolfsburg
53%
Current 1. Bundesliga 162k SV Darmstadt 98 Darmstadt
35%
Current 1. or 2. Bundesliga 99.3k 1. FC Kaiserslautern Kaiserslautern
35%
Ever 1. Bundesliga 42.3k FC 08 Homburg Homburg
29%
Current 1. or 2. Bundesliga or 3. Liga 25.5k SC Verl Verl
29%
Current 1. or 2. Bundesliga or 3. Liga 15.5k SV Sandhausen Sandhausen
24%
Ever 1. or 2. Bundesliga 15.5k SV Sandhausen Sandhausen
24%
Ever 1. or 2. Bundesliga or 3. Liga 15.5 SV Sandhausen Sandhausen
24%
Ever 1. or 2. Bundesliga or 3. Liga 8297 SG Sonnenhof Großaspach Aspach (bei Backnang)
18%
Ever 1. Bundesliga 46.9k Borussia Neunkirchen Neunkirchen
18%
Current 1. or 2. Bundesliga or 3. Liga 25.9k SpVgg Unterhaching Unterhaching
12%
Ever 1. Bundesliga 25.9k SpVgg Unterhaching Unterhaching
12%
Current 1. or 2. Bundesliga or 3. Liga 19.9k FC Erzgebirge Aue Aue-Bad Schlema
6%
Ever 1. or 2. Bundesliga 19.4k Wacker Burghausen Burghausen
6%
Ever 1. or 2. Bundesliga 16.7k VfR Bürstadt Bürstadt
0%
Ever 1. or 2. Bundesliga or 3. Liga 14.3 Sportfreunde Lotte Lotte (Westfalen)
0%
Ever 1. or 2. Bundesliga 2456 FSV Salmrohr Salmtal
0%
Ever 1. or 2. Bundesliga or 3. Liga 2456 FSV Salmrohr Salmtal
0%
No matching quizzes found
Score Distribution
Percent of People with Each Score
Percentile by Number Answered
Your Score History
You have not taken this quiz since the last reset